Manual de escritura para científicos sociales. Cómo empezar y terminar una tesis (Registro nro. 183619)

Detalles MARC
000 -ENCABEZADO
Número de control [NR] 02362nam a2200361Ia 4500
005 - FECHA Y HORA DE LA ÚLTIMA TRANSACCIÓN
control field 20140903175010.0
008 - DE LONGITUD FIJA DE DATOS DE ELEMENTOS - INFORMACIÓN GENERAL
Elementos de longitud fija [NR] 110809s2011 ag a frn 001 0dspa d
020 ## - NUMERO INTERNACIONAL NORMALIZADO PARA LIBROS [R]
Número Internacional Normalizado del libro [NR] 9789876291675
040 ## - FUENTE DE CATALOGACION [NR]
Agencia de catalogación original [NR] CO-BoUCM
Idioma de catalogación [NR] spa
Quien Cataloga
Quien Clasifica
041 00 - CODIGO DE IDIOMA [R]
Código de idioma para texto/pista de sonido o título separado [R] Español
090 ## - ASIGNADAS LOCALMENTE LC-TIPO DE LLAMADA NÚMERO (OCLC), NÚMERO DE LLAMADA LOCAL (RLIN)
Classification number (OCLC) (R) ; Classification number, CALL (RLIN) (NR) H61.8
Local cutter number (OCLC) ; Book number/undivided call number, CALL (RLIN) .B418 2011
100 1# - ASIENTO PRINCIPAL--NOMBRE PERSONAL [NR]
Nombre personal [NR] Becker, Howard Saul
Fechas asociadas con el nombre [NR] 1928-
ID Autoridad 32809
240 10 - TITULO UNIFORME [NR]
Título uniforme [NR] <a href="Writing for social scientists.">Writing for social scientists.</a>
Idioma de una obra [NR] Spanish
245 10 - MENCION DE TITULO [NR]
Título [NR] Manual de escritura para científicos sociales. Cómo empezar y terminar una tesis
Mención de responsabilidad, etc. [NR] Howard Saul Becker ; con un capítulo escrito por Pamela Richards ; traducción de Teresa Arijón ; revisión de María Gabriela Ubaldini
260 ## - PUBLICACION, DISTRIBUCION, ETC. (PIE DE IMPRENTA) [R]
Lugar de publicación, distribución, etc. [R] Buenos Aires (Argentina)
Nombre del editor, distribuidor, etc. [R] Siglo Veintiuno Editores
Fecha de publicación, distribución, etc. [R] 2011
300 ## - DESCRIPCION FISICA [R]
Extensión [R] 236 páginas
Otros detalles físicos [NR] ilustraciones
490 0# - MENCION DE SERIE [R]
Mención de serie [R] Sociología y política
504 ## - NOTA DE BIBLIOGRAFIA, ETC. [R]
Nota de bibliografía, etc. [NR] Incluye referencias bibliográficas e índices
520 ## - NOTA DE RESUMEN, ETC. [R]
Nota de sumario, etc. [NR] "Muchos fantasmas agobian a quienes deben escribir textos académicos o no académicos: entre los más recurrentes, el ideal de la escritura perfecta o la convicción de que un texto bien concebido se escribe "de un tirón" y es reflejo fiel de la claridad de ideas y del talento natural de su autor. En este Manual de escritura para científicos sociales, Howard Becker, cuyas obras de metodología son un clásico desde hace décadas, apela a su experiencia como sociólogo y como docente en seminarios de escritura a fin de desmontar una a una esas fantasías que no hacen sino entorpecer y dilatar la producción de textos ... Manual y ensayo sociológico a la vez, este libro propone modificar los hábitos de trabajo y empezar a escribir sin preocuparse por el estatus, la aprobación de los pares o la bibliografía ..." --Contratapa.
650 #7 - ASIENTO SECUNDARIO DE MATERIA - TERMINO TEMATICO [R]
Término temático o nombre geográfico como elemento de entrada [NR] Arte de escribir
9 (RLIN) 9465
650 #7 - ASIENTO SECUNDARIO DE MATERIA - TERMINO TEMATICO [R]
Término temático o nombre geográfico como elemento de entrada [NR] Ciencias sociales
9 (RLIN) 54298
Subdivisión general [R] Arte de escribir
650 #7 - ASIENTO SECUNDARIO DE MATERIA - TERMINO TEMATICO [R]
Término temático o nombre geográfico como elemento de entrada [NR] Comunicación en ciencias sociales
9 (RLIN) 11356
650 #7 - ASIENTO SECUNDARIO DE MATERIA - TERMINO TEMATICO [R]
Término temático o nombre geográfico como elemento de entrada [NR] Elaboración de tesis
9 (RLIN) 13952
650 #7 - ASIENTO SECUNDARIO DE MATERIA - TERMINO TEMATICO [R]
Término temático o nombre geográfico como elemento de entrada [NR] Escritos académicos
9 (RLIN) 14799
650 #7 - ASIENTO SECUNDARIO DE MATERIA - TERMINO TEMATICO [R]
Término temático o nombre geográfico como elemento de entrada [NR] Redacción de escritos técnicos
9 (RLIN) 23231
690 ## - ASUNTO AGREGADO LOCAL DE ENTRADA - TÉRMINO TEMÁTICO (OCLC, RLIN)
9 (RLIN) 42859
Acceso temático local Literatura
700 1# - ASIENTO SECUNDARIO - NOMBRE PERSONAL [R]
Nombre personal [NR] Arijón, Teresa
9 (RLIN) 54322
700 1# - ASIENTO SECUNDARIO - NOMBRE PERSONAL [R]
Nombre personal [NR] Richards, Pamela
9 (RLIN) 54321
700 1# - ASIENTO SECUNDARIO - NOMBRE PERSONAL [R]
Nombre personal [NR] Ubaldini, Gabriela
9 (RLIN) 54323
765 ## - ASIENTO DE IDIOMA ORIGINAL [R]
Título [NR] Writing for social scientists : how to start and finish your thesis, book, or article
942 ## - ELEMENTOS DE ENTRADA AGREGADOS (KOHA)
Tema principal Literatura
Tipo de ítem principal el descrito en 300a Libro
Edición 1
Parte restante de la signatura top. B395
Sistema de clasificación DEWEY
Clasificación 808.066
Existencias
Fecha de último préstamo Total préstamos Total Renewals Signatura topográfica Código de barras Última vez visto Ejemplar Costo de reposición Price effective from Tipo de ítem Perdido Sistema de clasificación Dañado No prestable Tipo de ítem específico Suprimido Ubicación habitual Ubicación actual Localización Fecha de creación Proveedor Forma de adquisición Costo
23/02/2024 7 11 808.066 B395 100139796 06/12/2025 Ej.1 78800.00 09/12/2013 Libro   DEWEY     Libro   Claustro Claustro 2do piso 09/12/2013 37 Compra 78800.00
13/02/2019 28 30 808.066 B395 100139797 06/12/2025 Ej.2 78800.00 09/12/2013 Libro   DEWEY     Libro   Claustro Claustro 2do piso 09/12/2013 37 Compra 78800.00